000 01301nam a22003017a 4500
001 8358
003 FISKH
005 20251211134416.0
008 250910b cb ||||| |||| 00| 0 eng d
020 _a9781612360140
040 _aFISKH
_beng
_cFISKH
_dFISKH
050 _aPZ7.K666 EB
082 _a813
100 _aKoontz, Robin
245 _aDoldie duck and the three beavers /
_cWritten and Illustrated by Robin Koontz
250 _aThis edition first published in 2012
260 _aGuangdong :
_bRourke,
_c2012
300 _a24 pages :
_bcolor illustrations ;
_c21 cm
505 _aE
520 _aThe 24-page book, Goldie Duck and the Three Beavers, introduces early learners to teacher-focused concepts that will help them gain important reading comprehension and social skills. The vibrant illustrations and engaging leveled text in the Little Birdie Books' Leveled Readers work together to tell fun stories while supporting early readers. Featuring grade-appropriate vocabulary and activities, these books help children develop essential skills for reading proficiency.
521 8 _a270
_bLexile
521 8 _aG
_bRaz-Plus
650 _2Fairy tales
_aDuck
650 _2Beavers
_aPaddled
700 _aKootz, Robin
_dillustrator
942 _2ddc
_cBK
_n0
999 _c8358
_d8358